PSL Partie - Statystyki

Ogólne statystyki
  • Ten quiz został rozwiązany 49 razy
  • Średni wynik to 9 z 14
Statystyki odpowiedzi
Nazwa Lata istnienia % Poprawnych
Polskie Stronnictwo Ludowe 1895–1913
100%
Polskie Stronnictwo Ludowe 1945-1949
100%
Polskie Stronnictwo Ludowe 1989-1990
100%
Polskie Stronnictwo Ludowe 1990-
100%
Zjednoczone Stronnictwo Ludowe 1949-1989
78%
Polskie Stronnictwo Ludowe Piast 1913-1931
72%
Stronnictwo Ludowe 1931-1939
67%
Stronnictwo Ludowe 1944-1949
67%
Polskie Stronnictwo Ludowe Lewica 1914-1924
47%
Polskie Stronnictwo Ludowe Wyzwolenie 1915-1931
42%
Polskie Stronnictwo Ludowe Odrodzenie 1989-1990
36%
Stronnictwo Ludowe Roch 1940-1945
31%
Polskie Stronnictwo Ludowe Nowe Wyzwolenie 1946-1947
19%
Stronnictwo Ludowe Wola Ludu 1943-1944
11%
Nie znaleziono quizów pasujących do podanych kryteriów
Rozkład punktacji
Procent ludzi z każdym wynikiem
Percentyl według liczby udzielonych odpowiedzi
Twoja historia wyników
Nie rozwiązałeś tego quizu